Statistics for Atlético Madrid all-time top scorers

Click here to take the quiz!

General Stats

  • This quiz has been taken 16 times
  • The average score is 5 of 10

Answer Stats

GoalsNationalityPlayer% Correct
175FranceAntoine Griezmann
100%
101ArgentinaSergio Agüero
88%
96UruguayDiego Forlán
81%
129SpainFernando Torres
69%
155SpainLuis Aragonés
56%
91SpainAdelardo
19%
85SpainJoaquín Peiró
13%
121SpainJosé Eulogio Gárate
13%
92SpainManolo
6%
87SpainPaco Campos
6%

Score Distribution

Percentile by Number Answered

Percent of People with Each Score

Your Score History

You have not taken this quiz